| 000 | 01056nam a2200277 4500 | ||
|---|---|---|---|
| 001 | 133314 | ||
| 003 | ES-MaACL | ||
| 005 | 20250403175621.0 | ||
| 007 | t| | ||
| 008 | 070214s1951 sp r ||||1| spa d | ||
| 100 | 0 |
_aRoth, Joseph, _d1894-1939 _999952 |
|
| 245 | 1 | 0 |
_aNo hay tiempo para el amor / _cJoseph Roth ; traducción de Mercedes Soler. |
| 250 | _a1ª. ed. | ||
| 260 |
_aBarcelona : _bL.A.R.A., _c1951. |
||
| 300 |
_a208 p. ; _c22 cm. |
||
| 490 | 1 | _aCol. amanecer | |
| 510 |
_aCCPB, _c000998742-8 |
||
| 650 | 7 |
_2embne _9233904 _aNovelas |
|
| 700 | 1 |
_aSoler, Mercedes. _9107157 |
|
| 830 | 0 |
_aCol. amanecer _9186989 |
|
| 852 |
_aES-MaACL _jD-6475 _bR.32051 _bR.M. 6068 _9138162 _cSVI _fSello en tinta azul de la Biblioteca del Ateneo de Madrid _gAnotación manuscrita en hoja de guarda: "Novela autobiográfica" _xEncuadernación en tela azul |
||
| 942 |
_2udc _cMONOGRAFIA |
||
| 999 |
_c133314 _d133314 |
||